[Event "World Rapid Women 2022"]
[Site "Almaty KAZ"]
[Date "2022.12.28"]
[Round "9.33"]
[White "Eric, Jovana"]
[Black "Serikbay, Assel"]
[Result "1-0"]
[WhiteTitle "WGM"]
[BlackTitle "WIM"]
[WhiteElo "2236"]
[BlackElo "2230"]
[WhiteFideId "938238"]
[BlackFideId "13706799"]
[EventDate "2022.12.26"]

1. e4 c5 2. Nf3 d6 3. d4 cxd4 4. Nxd4 Nf6 5. Nc3 a6 6. h3 b5 7. Bd3 Bb7 8. Qe2
g6 9. O-O Bg7 10. Nb3 O-O 11. Bg5 Nbd7 12. f4 Qc7 13. Kh1 Nc5 14. Nxc5 dxc5 15.
e5 Nh5 16. Qf2 f6 17. exf6 exf6 18. Bh4 f5 19. Rae1 Rae8 20. Qd2 Qc6 21. Rf3
Rxe1+ 22. Bxe1 Re8 23. Bh4 c4 24. Bf1 Nf6 25. Re3 Ne4 26. Nxe4 fxe4 27. c3 Bf8
28. Re1 Qd6 29. Qe3 Qc5 30. Bf2 Qxe3 31. Bxe3 Rd8 32. g3 Bg7 33. Kg1 Bc8 34. Kf2
Be6 35. Bb6 Rd6 36. Bc5 Rd5 37. Rxe4 Kf7 38. Bb4 Bf6 39. Re1 Bd8 40. Bg2 Bb6+
41. Kf1 Rd3 42. g4 a5 43. Ba3 Kf6 44. Ke2 Bc7 45. Rf1 Rg3 46. Bf3 Rxh3 47. Rf2
Bxf4 48. Bg2 Re3+ 49. Kf1 Kg5 50. Bc5 Rd3 51. Be4 Rd1+ 52. Kg2 Rd2 53. Bc6 Rxf2+
54. Bxf2 Bc1 55. Bxb5 Bxb2 56. Bd4 Kxg4 57. a4 h5 58. Bc6 h4 59. Bf3+ Kf4 60.
Kf2 Bc1 61. Bb6 g5 62. Bc7+ Kf5 63. Bxa5 g4 64. Bc6 Bf4 65. Bb6 h3 66. a5 g3+
67. Kg1 g2 68. a6 Bb8 69. a7 Bxa7 70. Bxa7 Kf4 71. Bf2 Bg4 72. Bd5 Be2 73. Kh2
Kg4 74. Bd4 Bf1 75. Be6+ Kf3 76. Bxh3 Bd3 77. Bxg2+ Ke2 78. Bd5 Kd2 79. Kg3 Kc2
80. Kf4 Kb3 81. Ke5 Be2 82. Kd6 Bd3 83. Bf3 Kc2 84. Kd5 Kb3 85. Bd1+ Kb2 86. Bf6
Kc1 87. Ba4 Kb2 88. Kd4 Ka3 89. Bd1 Kb2 90. Be7 Bf1 91. Ba4 Bd3 92. Bb4 Be2 93.
Ke3 Bd3 94. Bc6 Kb3 95. Bf3 Bc2 96. Kd2 Bf5 97. Bd1+ Kb2 98. Ke3 Be6 99. Kd4 Bf7
100. Bf3 Kb3 101. Bd5 Be8 102. Bxc4+ Ka4 103. Bd5 Bb5 1-0

[Event "World Rapid Women 2022"]
[Site "Almaty KAZ"]
[Date "2022.12.28"]
[Round "9.34"]
[White "Lhotska, Anna"]
[Black "Kurmangaliyeva, Liya"]
[Result "0-1"]
[WhiteTitle "WFM"]
[BlackTitle "FM"]
[WhiteElo "2159"]
[BlackElo "2287"]
[WhiteFideId "376183"]
[BlackFideId "13725831"]
[EventDate "2022.12.26"]

1. e4 c5 2. Nf3 Nc6 3. d4 cxd4 4. Nxd4 Nf6 5. Nc3 e6 6. g3 Be7 7. Bg2 O-O 8. O-O
d6 9. Re1 Bd7 10. Ndb5 Qb8 11. Bg5 a6 12. Bxf6 gxf6 13. Nd4 Nxd4 14. Qxd4 Qa7
15. Qd2 Qc5 16. Rad1 Bc6 17. h4 Kh8 18. Ne2 Rg8 19. Nf4 Rxg3 20. b4 Qb6 21. Nh5
Rg4 22. Qh6 Rag8 23. Nxf6 Rxg2+ 24. Kh1 Rh2+ 0-1

[Event "World Rapid Women 2022"]
[Site "Almaty KAZ"]
[Date "2022.12.28"]
[Round "9.35"]
[White "Enkhtuul, Altan-Ulzii"]
[Black "Balabayeva, Xeniya"]
[Result "0-1"]
[WhiteTitle "WGM"]
[BlackTitle "WIM"]
[WhiteElo "2285"]
[BlackElo "2183"]
[WhiteFideId "4901444"]
[BlackFideId "13719688"]
[EventDate "2022.12.26"]

1. d4 d5 2. Nf3 Nf6 3. g3 e6 4. Bg2 Be7 5. O-O O-O 6. c4 c6 7. Qc2 b6 8. Nbd2
Nbd7 9. e4 dxc4 10. Nxc4 Bb7 11. Bg5 h6 12. Bxf6 Nxf6 13. Rfd1 Rc8 14. Rac1 b5
15. Ne3 Qb6 16. a3 Rfd8 17. b4 a5 18. Rb1 axb4 19. axb4 Ra8 20. Ne5 Rxd4 21.
Rxd4 Qxd4 22. Nxc6 Bxc6 23. Qxc6 Rb8 24. Rd1 Qxb4 25. Qc7 Rf8 26. e5 Ne8 27. Qb7
Bc5 28. Nf1 Qb2 29. Rd2 Qxe5 30. Bc6 Nd6 31. Qd7 b4 32. Kg2 b3 33. f4 Qc3 34.
Rxd6 Bxd6 35. Qxd6 Qc2+ 36. Qd2 Qxc6+ 37. Kh3 Qc2 38. Qe1 b2 39. Nd2 Qxd2 40.
Qxd2 b1=Q 41. g4 Qb3+ 42. Kh4 Qd5 43. Qe3 Rd8 44. h3 g5+ 45. fxg5 Qxg5+ 0-1

[Event "World Rapid Women 2022"]
[Site "Almaty KAZ"]
[Date "2022.12.28"]
[Round "9.36"]
[White "Tereladze, Sopio"]
[Black "Lu, Miaoyi"]
[Result "1/2-1/2"]
[WhiteTitle "WIM"]
[WhiteElo "2215"]
[BlackElo "2399"]
[WhiteFideId "13600486"]
[BlackFideId "8618020"]
[EventDate "2022.12.26"]

1. Nf3 Nf6 2. b3 b6 3. Bb2 Bb7 4. c4 c5 5. e3 g6 6. Be2 Bg7 7. O-O O-O 8. Qc2
Nc6 9. a3 Rc8 10. Nc3 e6 11. Rac1 d5 12. cxd5 exd5 13. d4 cxd4 14. Nxd4 Nxd4 15.
exd4 Ne4 16. Qd3 Re8 17. Bf3 f5 18. g3 Qf6 19. Ne2 Bh6 20. Rxc8 Rxc8 21. Bc1
Bxc1 22. Rxc1 Rxc1+ 23. Nxc1 Qe7 24. a4 Qb4 25. Kg2 Qe1 26. Bxe4 dxe4 27. Qc4+
Kf8 28. Qc7 e3+ 29. Qxb7 Qxf2+ 30. Kh3 Qf1+ 31. Kh4 Qxc1 32. Kg5 Qa3 33. Qa8+
Kf7 34. Qd5+ Ke8 35. Qc6+ Kf7 36. Qd5+ Ke8 37. Qc6+ Ke7 38. Qc7+ Ke8 39. Qc8+
Kf7 40. Qc4+ Ke7 41. Qc7+ Ke8 42. Qc8+ Kf7 43. Qc4+ Kf8 44. Qc8+ 1/2-1/2

[Event "World Rapid Women 2022"]
[Site "Almaty KAZ"]
[Date "2022.12.28"]
[Round "9.37"]
[White "Frayna, Janelle Mae"]
[Black "Shukhman, Anna"]
[Result "1/2-1/2"]
[WhiteTitle "WGM"]
[BlackTitle "WFM"]
[WhiteElo "2265"]
[BlackElo "2161"]
[WhiteFideId "5212499"]
[BlackFideId "54180058"]
[EventDate "2022.12.26"]

1. e4 c5 2. Nf3 g6 3. d4 cxd4 4. Qxd4 Nf6 5. Nc3 Nc6 6. Qa4 d6 7. e5 dxe5 8.
Nxe5 Bg7 9. Bb5 O-O 10. Nxc6 bxc6 11. Bxc6 Rb8 12. O-O Bf5 13. Qxa7 Qd6 14. Bf3
Bxc2 15. a4 e5 16. Be3 Rfe8 17. Bc5 Qe6 18. Nb5 Red8 19. Rfc1 e4 20. Bd1 Bd3 21.
Bd4 Bxb5 22. axb5 Rxb5 23. Be2 Rb4 24. Bc3 Rbb8 25. Ra6 Qf5 26. Bc4 Nd5 27. Bxg7
Kxg7 28. b3 Nf4 29. Qe3 Rbc8 30. g3 Nd3 31. Rf1 Ne5 32. Be2 Rc2 33. Ra4 Rdd2 34.
Bd1 Rd3 35. Qxe4 Qxe4 36. Rxe4 Rc1 37. Rxe5 Rdxd1 38. Rxd1 Rxd1+ 39. Kg2 Rb1 40.
Rb5 h5 41. b4 f6 42. Rb7+ Kh6 43. h4 Rb3 44. b5 g5 45. hxg5+ Kxg5 46. b6 Kg6 47.
Rb8 Kg7 48. Kh3 Rb4 49. f4 Rb1 50. b7 Rh1+ 51. Kg2 Rb1 52. Kf3 Rb4 53. Ke3 Rb1
54. Ke4 Rb2 55. Kd5 Rd2+ 56. Ke6 Re2+ 57. Kd5 Rd2+ 58. Kc4 Rb2 59. Kc3 Rb1 60.
Kc2 Rb6 61. Kd2 Rb5 62. Ke2 Rb1 63. Kf2 Rb2+ 64. Kg1 Rb3 65. Kg2 Rb1 66. Kh2 Rb3
67. Kh3 Rb2 68. f5 Rb1 1/2-1/2

[Event "World Rapid Women 2022"]
[Site "Almaty KAZ"]
[Date "2022.12.28"]
[Round "9.38"]
[White "Foudzi, Siti Zulaikha"]
[Black "Nomindalai, Tumurbaatar"]
[Result "1-0"]
[WhiteTitle "WIM"]
[BlackTitle "CM"]
[WhiteElo "2136"]
[BlackElo "2132"]
[WhiteFideId "5700965"]
[BlackFideId "4904095"]
[EventDate "2022.12.26"]

1. e4 c5 2. Nf3 Nc6 3. d4 cxd4 4. Nxd4 g6 5. c4 Nf6 6. Nc3 d6 7. Be2 Nxd4 8.
Qxd4 Bg7 9. Bg5 O-O 10. Qd2 Qa5 11. Rc1 Be6 12. b3 a6 13. f3 Rfc8 14. Na4 Qxd2+
15. Kxd2 Nd7 16. g4 Kf8 17. h4 h6 18. Be3 Rcb8 19. Nb6 Nxb6 20. Bxb6 Bb2 21. Rc2
Ba3 22. Be3 Kg7 23. f4 Bc5 24. f5 Bd7 25. Bxc5 dxc5 26. Ke3 Bc6 27. Rd1 Rd8 28.
Rcd2 Rxd2 29. Rxd2 g5 30. e5 Rb8 31. hxg5 hxg5 32. Bf3 Be8 33. Bd5 b5 34. Rf2
Rb6 35. e6 fxe6 36. fxe6 Bg6 37. Kd2 b4 38. Kc1 Rb8 39. Re2 Rf8 40. Bb7 Rf1+ 41.
Kd2 a5 42. Re5 Ra1 43. Rxg5 Kf6 44. Rxc5 Rxa2+ 45. Ke3 Ra3 46. Kf4 Rxb3 47. g5+
Kxe6 48. Bd5+ Kd7 49. Rxa5 Ra3 50. Rb5 e6 51. Bf3 b3 52. Rb7+ Kd6 53. Rb6+ Kd7
54. c5 Bc2 55. Ke5 b2 56. Rb7+ Kc8 57. Rxb2 Rxf3 58. Rxc2 Rf5+ 59. Kd6 Rxg5 60.
Rh2 Rd5+ 61. Kc6 Rd8 62. Re2 e5 63. Rxe5 Rg8 64. Re6 Rh8 65. Rd6 Rg8 66. Kb6 Rh8
67. Rc6+ Kb8 68. Rg6 Kc8 69. Rg7 Rh2 70. Rg8+ Kd7 71. c6+ Kd6 72. Rd8+ Ke7 73.
Rd1 Rb2+ 74. Kc7 Rb3 75. Re1+ Kf6 76. Kd7 Rd3+ 77. Kc8 Rc3 78. c7 Rc2 79. Re4
Kf5 80. Re8 Kf6 81. Kb7 Rb2+ 82. Ka6 1-0

[Event "World Rapid Women 2022"]
[Site "Almaty KAZ"]
[Date "2022.12.28"]
[Round "9.39"]
[White "Bayasgalan, Khishigbaatar"]
[Black "Nasybullina, Alfia"]
[Result "0-1"]
[WhiteTitle "WCM"]
[BlackTitle "WIM"]
[WhiteElo "1811"]
[BlackElo "2027"]
[WhiteFideId "4904311"]
[BlackFideId "4132416"]
[EventDate "2022.12.26"]

1. d4 Nf6 2. Nc3 d5 3. Bg5 Nbd7 4. f3 c5 5. dxc5 Qa5 6. Bxf6 Nxf6 7. Qd4 e5 8.
Qxe5+ Be6 9. e4 O-O-O 10. O-O-O Bxc5 11. Nb5 Be3+ 12. Kb1 dxe4 13. Qc3+ Kb8 14.
Qe5+ Ka8 15. Rxd8+ Rxd8 16. c4 Qe1+ 17. Kc2 Qd1+ 18. Kc3 Bd2# 0-1

[Event "World Rapid Women 2022"]
[Site "Almaty KAZ"]
[Date "2022.12.28"]
[Round "9.40"]
[White "Paramzina, Anastasya"]
[Black "Kim, Kristina"]
[Result "1-0"]
[WhiteTitle "WGM"]
[BlackTitle "WCM"]
[WhiteElo "2227"]
[BlackElo "1930"]
[WhiteFideId "4165012"]
[BlackFideId "13712438"]
[EventDate "2022.12.26"]

1. e4 Nf6 2. e5 Nd5 3. c4 Nb6 4. d4 d6 5. exd6 cxd6 6. Nf3 g6 7. Nc3 Bg7 8. h3
O-O 9. Bd3 Nc6 10. Be3 e5 11. d5 Nb4 12. Be2 Bf5 13. Rc1 Rc8 14. a3 Na6 15. Nb5
Ra8 16. b4 Be4 17. O-O Bxf3 18. Bxf3 f5 19. c5 Nc8 20. Be2 f4 21. Bd2 e4 22. Bg4
dxc5 23. Be6+ Kh8 24. bxc5 Qg5 25. Re1 e3 26. Bc3 exf2+ 27. Kxf2 Qg3+ 28. Kf1 f3
29. Bxg7+ Kxg7 30. Rc2 fxg2+ 31. Kg1 Rf1+ 32. Rxf1 gxf1=Q+ 33. Kxf1 Qf4+ 34. Rf2
Qc4+ 35. Kg2 Qe4+ 36. Kg1 Kh6 37. Qc1+ g5 38. Rf6+ Kh5 39. Bg4+ Kh4 40. Rh6+ Kg3
41. Qc3+ 1-0

[Event "World Rapid Women 2022"]
[Site "Almaty KAZ"]
[Date "2022.12.28"]
[Round "9.41"]
[White "Assylkhan, Asiya"]
[Black "Mikheeva, Galina"]
[Result "1/2-1/2"]
[BlackTitle "WFM"]
[WhiteElo "1430"]
[BlackElo "1969"]
[WhiteFideId "13752707"]
[BlackFideId "44108320"]
[EventDate "2022.12.26"]

1. d4 Nf6 2. c4 e6 3. g3 d5 4. Bg2 Bb4+ 5. Bd2 Be7 6. Nf3 O-O 7. e3 Nbd7 8. Qe2
c5 9. Nc3 b6 10. cxd5 exd5 11. O-O Bb7 12. Rfd1 Re8 13. Be1 c4 14. b3 Rc8 15.
Ne5 Bd6 16. Nxd7 Qxd7 17. Qf1 Qc6 18. bxc4 Qxc4 19. Qxc4 Rxc4 20. Nb5 Bb8 21.
Bf1 Rc6 22. Bh3 a6 23. Nc3 Bd6 24. Bg2 Rc4 25. Rab1 b5 26. Bf1 Rc7 27. Rb3 Bc6
28. Rbb1 Rb8 29. Rdc1 Bd7 30. Bg2 Ba3 31. Rd1 Bg4 32. f3 Be6 33. Rb3 Be7 34. g4
h6 35. Bg3 Rbc8 36. Bxc7 Rxc7 37. Rc1 b4 38. Ne2 Rc4 39. Rbb1 a5 40. Bf1 Bd7 41.
Nf4 Rxc1 42. Rxc1 Bd6 43. Nd3 Kf8 44. Nc5 Ke7 45. Nb7 a4 46. Nxd6 Kxd6 47. Rb1
b3 48. axb3 axb3 49. Rxb3 Ba4 50. Rb4 Bd7 51. Bd3 Bc6 52. Kf2 Bd7 53. Kg3 Ke7
54. Kf4 Kd6 55. h4 Kc7 56. Bf5 Bc6 57. Ke5 Ne8 58. Bc2 Nd6 59. Bb3 f6+ 60. Kf4
g5+ 61. hxg5 hxg5+ 62. Kg3 Bb7 63. Ba2 Bc6 64. Rb1 Kd7 65. Rh1 Nf7 66. Rh7 Ke8
67. e4 Nd6 68. Bxd5 Bxd5 69. exd5 Nb5 70. f4 Nxd4 71. fxg5 fxg5 72. Rg7 Ne2+ 73.
Kf2 Nf4 74. Rxg5 Nh3+ 75. Ke3 Nxg5 76. Kf4 Nf7 77. g5 Nxg5 78. Kxg5 Ke7 79. Kf5
Kd6 80. Ke4 Kd7 81. Ke5 Ke7 82. d6+ Kd7 83. Kd5 Kd8 84. Ke6 Ke8 85. d7+ Kd8 86.
Kd6 1/2-1/2

[Event "World Rapid Women 2022"]
[Site "Almaty KAZ"]
[Date "2022.12.28"]
[Round "9.42"]
[White "Kaliakhmet, Elnaz"]
[Black "Nurgali, Nazerke"]
[Result "0-1"]
[WhiteTitle "WFM"]
[BlackTitle "WIM"]
[WhiteElo "1786"]
[BlackElo "2168"]
[WhiteFideId "13730169"]
[BlackFideId "13711261"]
[EventDate "2022.12.26"]

1. d4 d5 2. c4 e6 3. Nc3 Nf6 4. Nf3 dxc4 5. e4 c5 6. Bxc4 cxd4 7. Nxd4 Bc5 8.
Ndb5 Qxd1+ 9. Kxd1 Na6 10. Ke2 O-O 11. Rd1 Nd7 12. f4 Nb6 13. Bb3 Bd7 14. a4 Bc6
15. a5 Nd7 16. Nd4 Bxd4 17. Rxd4 Nf6 18. Be3 Rfd8 19. Rad1 Rxd4 20. Rxd4 h6 21.
Bc2 Rc8 22. Kd2 Ng4 23. Bg1 e5 24. fxe5 Nxe5 25. b4 Be8 26. b5 Nc7 27. Rb4 a6
28. bxa6 bxa6 29. Bb3 Nc6 30. Ra4 Rd8+ 31. Ke2 Ne6 32. Nd5 Rb8 33. Nb6 Ne5 34.
Ra3 Bb5+ 35. Ke3 Ng4+ 36. Kf3 h5 37. h3 Nf6 38. Nd5 Ng5+ 39. Kf4 Ngxe4 40. Nxf6+
Nxf6 0-1

[Event "World Rapid Women 2022"]
[Site "Almaty KAZ"]
[Date "2022.12.28"]
[Round "9.43"]
[White "Mikhaylova, Irina"]
[Black "Kirchei, Viktoriia"]
[Result "0-1"]
[WhiteTitle "WGM"]
[BlackTitle "WFM"]
[WhiteElo "2257"]
[BlackElo "2070"]
[WhiteFideId "4109040"]
[BlackFideId "34133396"]
[EventDate "2022.12.26"]

1. Nf3 Nf6 2. c4 e6 3. g3 d5 4. Bg2 Be7 5. O-O O-O 6. d4 dxc4 7. Qa4 a6 8. Qxc4
b5 9. Qc2 Bb7 10. a4 b4 11. Nbd2 Nbd7 12. Nb3 Rc8 13. Rd1 Be4 14. Qd2 c5 15.
dxc5 Bd5 16. Nfd4 Nxc5 17. Nxc5 Bxc5 18. e3 Bxg2 19. Kxg2 Qd5+ 20. Nf3 Qh5 21.
Qe2 e5 22. Bd2 e4 23. Ng1 Qe5 24. Be1 a5 25. Rac1 Be7 26. b3 h6 27. Rc4 Rcd8 28.
Rcd4 Rc8 29. Rc4 Rfd8 30. Rdc1 Rxc4 31. Qxc4 Rd3 32. h3 Qb2 33. Qc8+ Kh7 34. Rc7
Qe5 35. Qb7 Nd5 36. Rd7 Qe6 37. Ne2 Nxe3+ 38. fxe3 Rxd7 39. Qb5 Qd5 40. Qb8 Qd1
41. Kf1 Qxb3 42. Qf4 Qe6 43. Kg2 b3 44. Nd4 Rxd4 45. exd4 b2 0-1

[Event "World Rapid Women 2022"]
[Site "Almaty KAZ"]
[Date "2022.12.28"]
[Round "9.44"]
[White "Kovanova, Baira"]
[Black "Madi, Aidana"]
[Result "1-0"]
[WhiteTitle "WGM"]
[WhiteElo "2317"]
[BlackElo "1583"]
[WhiteFideId "4164083"]
[BlackFideId "13722689"]
[EventDate "2022.12.26"]

1. e4 c6 2. d4 d5 3. e5 Bf5 4. Nf3 e6 5. Be2 Bb4+ 6. c3 Ba5 7. O-O Nd7 8. Na3 f6
9. c4 fxe5 10. dxe5 Bc7 11. cxd5 cxd5 12. Nb5 Ne7 13. Bf4 O-O 14. Bg3 Nc6 15.
Nxc7 Qxc7 16. Rc1 Qb6 17. b3 Rac8 18. Bd3 Bxd3 19. Qxd3 Nc5 20. Rxc5 Qxc5 21.
Ng5 g6 22. Nxe6 Qa5 23. Nxf8 Rxf8 24. h4 Ne7 25. a4 Qb6 26. Re1 Qe6 27. Rd1 Rd8
28. Bf4 Nf5 29. Bg5 Rd7 30. Bf6 Ng7 31. Qd4 Nh5 32. Bg5 a6 33. Rc1 Qe8 34. Bh6
Qd8 35. e6 Rd6 36. Qe5 Nf6 37. Bg5 Kg7 38. Bxf6+ Qxf6 39. Rc7+ 1-0

[Event "World Rapid Women 2022"]
[Site "Almaty KAZ"]
[Date "2022.12.28"]
[Round "9.45"]
[White "Martins de Aguiar, Marina"]
[Black "Balakanova, Bakhyt"]
[Result "0-1"]
[BlackTitle "WFM"]
[WhiteElo "1877"]
[BlackElo "2005"]
[WhiteFideId "2143321"]
[BlackFideId "13705881"]
[EventDate "2022.12.26"]

1. e4 Nf6 2. e5 Nd5 3. c4 Nb6 4. d4 d6 5. exd6 exd6 6. Nc3 Be7 7. Bd3 Nc6 8.
Nge2 O-O 9. O-O Bf6 10. Be3 Bg4 11. f3 Bh5 12. Ne4 Be7 13. Nf4 Bg6 14. Nxg6 hxg6
15. Nf2 d5 16. c5 Nc8 17. Ng4 f5 18. Nf2 f4 19. Bd2 Nxd4 20. Bxg6 Bxc5 21. Kh1
Ne7 22. Bb1 c6 23. Bc3 Nef5 24. Bxd4 Nxd4 25. Ng4 Qg5 26. b4 Bb6 27. a4 a5 28.
bxa5 Rxa5 29. Bd3 Nf5 30. Bxf5 Qxf5 31. Rb1 Ra6 32. Rf2 Bxf2 33. Nxf2 Rf7 34.
Ng4 Rxa4 35. Qe1 Ra8 36. Rd1 b5 37. Qc3 Rc8 38. Qc5 Rfc7 39. h3 Qf8 40. Qd4 Re7
41. Kh2 Re6 42. Ra1 Rc7 43. Qb6 Rd7 44. Ra6 d4 45. Qa5 Kh7 46. Ra8 Qe7 47. Rc8
Qh4 48. Ne5 Qg3+ 49. Kg1 Rxe5 0-1

[Event "World Rapid Women 2022"]
[Site "Almaty KAZ"]
[Date "2022.12.28"]
[Round "9.46"]
[White "Bauyrzhan, Arnash"]
[Black "Samaganova, Aleksandra"]
[Result "1-0"]
[BlackTitle "WFM"]
[WhiteElo "2041"]
[BlackElo "1884"]
[WhiteFideId "13706322"]
[BlackFideId "13800221"]
[EventDate "2022.12.26"]

1. e4 c5 2. Nf3 e6 3. d4 cxd4 4. Nxd4 a6 5. Bd3 Qc7 6. O-O Nf6 7. Qe2 d6 8. c4
Be7 9. Nc3 O-O 10. Be3 Nbd7 11. f4 b6 12. Rac1 Bb7 13. b4 Rac8 14. a3 Qb8 15. g4
Qa8 16. Qf3 g6 17. g5 Nh5 18. Qh3 Rc7 19. f5 exf5 20. Nxf5 Ne5 21. Bxb6 Rd7 22.
Nxe7+ Rxe7 23. Nd5 Bxd5 24. cxd5 f6 25. gxf6 Ref7 26. Bd4 Nxf6 27. Bxe5 dxe5 28.
Qe6 Qa7+ 29. Rc5 Kg7 30. Qxa6 Qd7 31. Qe6 Qa4 32. Qxe5 Qxa3 33. Qd4 Kg8 34. e5
Nh5 35. Rxf7 Rxf7 36. e6 Rf8 37. e7 Re8 38. d6 Ng7 39. d7 1-0

[Event "World Rapid Women 2022"]
[Site "Almaty KAZ"]
[Date "2022.12.28"]
[Round "9.47"]
[White "Druzhinina, Olga"]
[Black "Balakanova, Gulnar"]
[Result "1-0"]
[BlackTitle "WFM"]
[WhiteElo "2245"]
[BlackElo "1743"]
[WhiteFideId "4141911"]
[BlackFideId "13705890"]
[EventDate "2022.12.26"]

1. e4 c5 2. Nf3 Nc6 3. Bb5 e6 4. O-O Nf6 5. Re1 Be7 6. c3 O-O 7. d4 cxd4 8. cxd4
d5 9. e5 Ne8 10. Nc3 f5 11. exf6 Bxf6 12. Bxc6 bxc6 13. Na4 Be7 14. Ne5 Qc7 15.
Qc2 Bd6 16. Bd2 Bxe5 17. Rxe5 Nf6 18. f3 Bd7 19. Nc5 Rfe8 20. Rae1 Qc8 21. h4
Rb8 22. h5 Re7 23. h6 Ne8 24. Bg5 Nf6 25. hxg7 Kxg7 26. Qd2 Rf7 27. Nxe6+ Bxe6
28. Rxe6 Qd8 29. Qf4 Rxb2 30. Bxf6+ Rxf6 31. Re7+ 1-0

[Event "World Rapid Women 2022"]
[Site "Almaty KAZ"]
[Date "2022.12.28"]
[Round "9.48"]
[White "Machlik, Monika"]
[Black "Chen, Jocelyn"]
[Result "1-0"]
[BlackTitle "WCM"]
[WhiteElo "2114"]
[BlackElo "1854"]
[WhiteFideId "1513621"]
[BlackFideId "30947154"]
[EventDate "2022.12.26"]

1. d4 Nf6 2. c4 e6 3. Nc3 Bb4 4. e3 O-O 5. Bd3 d5 6. Nf3 b6 7. O-O Bb7 8. Qe2
Nbd7 9. Bd2 c5 10. a3 Bxc3 11. Bxc3 dxc4 12. Bxc4 Ne4 13. Rfd1 Qe7 14. Rac1 Rac8
15. Bb5 Rfd8 16. Be1 Bd5 17. Ba6 Rc7 18. Nd2 Nxd2 19. Rxd2 Nf6 20. f3 cxd4 21.
Rxc7 Qxc7 22. Rxd4 e5 23. Rd1 e4 24. f4 Be6 25. Rxd8+ Qxd8 26. Bc3 Nd5 27. Qd2
Qc7 28. Be5 Qc5 29. Bd4 Qc6 30. Be2 f5 31. h3 Qc8 32. b4 h6 33. Bb2 a6 34. Qd4
Qd7 35. Bxa6 Kh7 36. Be2 Nxf4 37. exf4 Qxd4+ 38. Bxd4 g5 39. fxg5 hxg5 40. Bxb6
f4 41. Kf2 Bd5 42. a4 e3+ 43. Kf1 Kg7 44. a5 Kf7 45. a6 Ke7 46. a7 Kd7 47. Bf3
Bc4+ 48. Ke1 1-0

[Event "World Rapid Women 2022"]
[Site "Almaty KAZ"]
[Date "2022.12.28"]
[Round "10.1"]
[White "Koneru, Humpy"]
[Black "Tan, Zhongyi"]
[Result "1/2-1/2"]
[WhiteTitle "GM"]
[BlackTitle "GM"]
[WhiteElo "2572"]
[BlackElo "2518"]
[WhiteFideId "5008123"]
[BlackFideId "8603642"]
[EventDate "2022.12.26"]

1. d4 Nf6 2. c4 e6 3. Nf3 Bb4+ 4. Bd2 Bxd2+ 5. Qxd2 O-O 6. Nc3 d5 7. e3 Qe7 8.
Rc1 Rd8 9. Qc2 dxc4 10. Bxc4 c5 11. O-O Nc6 12. dxc5 Qxc5 13. Ne4 Qe7 14. Nxf6+
Qxf6 15. a3 Bd7 16. Bd3 g6 17. Nd2 Ne5 18. Be4 Rac8 19. Qb1 Bc6 20. Bxc6 Rxd2
21. Bxb7 Rb8 22. Qe4 Nd3 23. Rc7 Qxb2 24. Ba6 Ne5 25. h3 Rd5 26. Bc4 Nxc4 27.
Qxc4 Qxa3 28. Rxf7 Kxf7 29. Qc7+ Qe7 30. Qxb8 Qd7 31. g3 Rd1 32. Rxd1 Qxd1+ 33.
Kg2 Qd5+ 34. Kg1 a5 35. Qc7+ Kg8 36. Qc8+ Kg7 37. Qc7+ Kg8 38. Qc8+ Kg7 1/2-1/2

[Event "World Rapid Women 2022"]
[Site "Almaty KAZ"]
[Date "2022.12.28"]
[Round "10.2"]
[White "Saduakassova, Dinara"]
[Black "Goryachkina, Aleksandra"]
[Result "1-0"]
[WhiteTitle "IM"]
[BlackTitle "GM"]
[WhiteElo "2434"]
[BlackElo "2584"]
[WhiteFideId "13700090"]
[BlackFideId "4147103"]
[EventDate "2022.12.26"]

1. Nf3 d5 2. g3 g6 3. Bg2 Bg7 4. d4 Nf6 5. c4 c6 6. b3 O-O 7. Bb2 Bf5 8. O-O
Nbd7 9. Nbd2 a5 10. Nh4 Be6 11. e4 dxe4 12. Nxe4 Nxe4 13. Bxe4 Bh3 14. Bg2 Bxg2
15. Nxg2 Qc7 16. Qe2 Rfe8 17. Rfd1 Rad8 18. Rd2 Nf6 19. Rad1 Qc8 20. Bc3 b6 21.
Rd3 a4 22. Qf3 b5 23. Ne3 axb3 24. axb3 bxc4 25. bxc4 Rd7 26. d5 cxd5 27. Bxf6
exf6 28. Nxd5 Ra7 29. Re3 f5 30. Rde1 Rxe3 31. Qxe3 Qa8 32. Ne7+ Kh8 33. Nc8
Qxc8 34. Qxa7 Kg8 35. Qa4 Bf8 36. Re8 Qc5 37. Qb5 Qd6 38. Qd5 Qxd5 39. cxd5 Kg7
40. Kg2 Bc5 41. Kf3 g5 42. Ke2 Kf6 43. Kd3 h5 44. Kc4 Ba3 45. Kb5 f4 46. gxf4 g4
47. Kc6 Kf5 48. d6 Bxd6 49. Kxd6 Kxf4 50. Rf8 1-0

[Event "World Rapid Women 2022"]
[Site "Almaty KAZ"]
[Date "2022.12.28"]
[Round "10.3"]
[White "Kosteniuk, Alexandra"]
[Black "Abdumalik, Zhansaya"]
[Result "1/2-1/2"]
[WhiteTitle "GM"]
[BlackTitle "GM"]
[WhiteElo "2520"]
[BlackElo "2496"]
[WhiteFideId "4128125"]
[BlackFideId "13703544"]
[EventDate "2022.12.26"]

1. e4 e5 2. Nf3 Nc6 3. Bc4 Nf6 4. d3 h6 5. Nc3 d6 6. a4 g5 7. Nd5 Nxd5 8. exd5
Ne7 9. d4 Bg7 10. dxe5 dxe5 11. Be3 Qd6 12. c3 a6 13. Qb3 Nf5 14. O-O O-O 15.
Nd2 Nxe3 16. fxe3 f5 17. e4 f4 18. Qb4 Qxb4 19. cxb4 Rd8 20. Nb3 Bf8 21. b5 Kg7
22. Rfc1 Bd6 1/2-1/2

[Event "World Rapid Women 2022"]
[Site "Almaty KAZ"]
[Date "2022.12.28"]
[Round "10.4"]
[White "Gong, Qianyun"]
[Black "Savitha, Shri B"]
[Result "0-1"]
[WhiteTitle "WGM"]
[BlackTitle "WIM"]
[WhiteElo "2299"]
[BlackElo "2411"]
[WhiteFideId "8602425"]
[BlackFideId "35061887"]
[EventDate "2022.12.26"]

1. e4 c5 2. Nf3 e6 3. d4 cxd4 4. Bg5 Qc7 5. c3 dxc3 6. Nxc3 a6 7. Rc1 Nc6 8. Bd3
Be7 9. O-O Bxg5 10. Nxg5 Nf6 11. f4 h6 12. Nh3 d6 13. Kh1 O-O 14. Bb1 Qe7 15.
Nf2 e5 16. f5 Nd4 17. Ng4 Nxg4 18. Qxg4 Qd8 19. Nd5 Bd7 20. Rc3 Kh7 21. Rg3 Rg8
22. Qh5 Qf8 23. a3 f6 24. Ba2 Be8 25. Rg6 Kh8 26. Nxf6 Bxg6 27. fxg6 Rc8 28. h3
Rc7 29. Bxg8 gxf6 30. Bf7 Kg7 31. Rf2 Qe7 32. Kh2 b5 33. Bd5 Rc5 34. g4 Rc2 35.
Rxc2 Nxc2 36. g5 fxg5 37. Qe2 Nd4 38. Qg4 Qc7 39. h4 Kxg6 40. h5+ Kg7 41. Kh3 a5
42. Ba2 b4 43. axb4 axb4 44. Bd5 Qd8 45. Bc4 Qc7 46. b3 Qd8 47. Bd5 Qf6 48. Qd7+
Kf8 49. Qc8+ Ke7 50. Qc7+ Ke8 51. Qc8+ Qd8 52. Qb7 Qd7+ 0-1